| 000 | 00507nam a22001697a 4500 | ||
|---|---|---|---|
| 999 |
_c526042 _d526042 |
||
| 003 | NUST | ||
| 020 | _qP/B | ||
| 038 | _awaseem | ||
| 082 |
_a891.491101 _bQAZ |
||
| 100 |
_aQazi, Sarfraz Hussain _915387 |
||
| 245 |
_aPunjabi Look Geetan De Fani Tajzia / _cSarfraz Hussain Qazi |
||
| 260 |
_aLahore : _bAziz Publishers, _c1986. |
||
| 300 | _a251 p. ; | ||
| 880 |
_6100-01\r _aسرفراز حسین قاضی |
||
| 880 |
_6245-02\r _aپنجابی لوک گیتاں دا فنی تجزیہ / |
||
| 942 |
_2ddc _cBK |
||